<?xml version="1.0" encoding="UTF-8"?>
<record
    xmlns:xsi="http://www.w3.org/2001/XMLSchema-instance"
    xsi:schemaLocation="http://www.loc.gov/MARC21/slim http://www.loc.gov/standards/marcxml/schema/MARC21slim.xsd"
    xmlns="http://www.loc.gov/MARC21/slim">

  <leader>01432cam a2200385 a 4500</leader>
  <datafield tag="999" ind1=" " ind2=" ">
    <subfield code="c">23964</subfield>
    <subfield code="d">23964</subfield>
  </datafield>
  <controlfield tag="001">vtls011534605</controlfield>
  <controlfield tag="005">20251024075303.0</controlfield>
  <controlfield tag="008">170706s2015    xo ab  g      000 0 slo  </controlfield>
  <datafield tag="020" ind1=" " ind2=" ">
    <subfield code="a">9788071404866 (bro&#x17E;.)</subfield>
  </datafield>
  <datafield tag="035" ind1=" " ind2=" ">
    <subfield code="a">AB39CBE2-343B-4229-B54E-AF4D0022CEA3</subfield>
  </datafield>
  <datafield tag="035" ind1=" " ind2=" ">
    <subfield code="a">urn:nbn:sk:snk-amlli4</subfield>
  </datafield>
  <datafield tag="035" ind1=" " ind2=" ">
    <subfield code="a">urn:nbn:sk:snk-am00bf24</subfield>
  </datafield>
  <datafield tag="040" ind1=" " ind2=" ">
    <subfield code="a">SVKBB</subfield>
    <subfield code="b">slo</subfield>
    <subfield code="c">SVKBB</subfield>
    <subfield code="d">SNK</subfield>
    <subfield code="e">AACR2</subfield>
  </datafield>
  <datafield tag="041" ind1="0" ind2=" ">
    <subfield code="a">slo</subfield>
  </datafield>
  <datafield tag="044" ind1=" " ind2=" ">
    <subfield code="a">xo</subfield>
    <subfield code="c">SK</subfield>
  </datafield>
  <datafield tag="072" ind1=" " ind2="7">
    <subfield code="a">2-23/-27</subfield>
    <subfield code="x">Biblia. Biblistika</subfield>
    <subfield code="2">konspekt</subfield>
  </datafield>
  <datafield tag="080" ind1=" " ind2=" ">
    <subfield code="a">27-23</subfield>
    <subfield code="2">2011</subfield>
  </datafield>
  <datafield tag="080" ind1=" " ind2=" ">
    <subfield code="a">27-232/-236</subfield>
    <subfield code="2">2011</subfield>
  </datafield>
  <datafield tag="080" ind1=" " ind2=" ">
    <subfield code="a">(0:82-9)</subfield>
    <subfield code="2">2011</subfield>
  </datafield>
  <datafield tag="245" ind1="0" ind2="0">
    <subfield code="a">Biblia</subfield>
    <subfield code="b">P&#xED;smo sv&#xE4;t&#xE9; Starej a Novej zmluvy : [pod&#x13E;a vydania Slovenskej evanjelickej cirkvi augsbursk&#xE9;ho vyznania v &#x10C;SSR a v Spojen&#xFD;ch biblick&#xFD;ch spolo&#x10D;nostiach (Lond&#xFD;n) z roku 1979</subfield>
    <subfield code="c">text overili Juraj B&#xE1;ndy, J&#xE1;n Gre&#x161;o, Igor Ki&#x161;&#x161;]</subfield>
  </datafield>
  <datafield tag="250" ind1=" " ind2=" ">
    <subfield code="a">Reed&#xED;cia</subfield>
  </datafield>
  <datafield tag="260" ind1=" " ind2=" ">
    <subfield code="a">Liptovsk&#xFD; Mikul&#xE1;&#x161;</subfield>
    <subfield code="b">Tranoscius</subfield>
    <subfield code="c">2015</subfield>
  </datafield>
  <datafield tag="300" ind1=" " ind2=" ">
    <subfield code="a">299, [17] s.</subfield>
    <subfield code="b">mp., tab.</subfield>
    <subfield code="c">18 cm</subfield>
  </datafield>
  <datafield tag="630" ind1="0" ind2="7">
    <subfield code="a">Biblia</subfield>
    <subfield code="2">SNKPH</subfield>
    <subfield code="9">2768</subfield>
  </datafield>
  <datafield tag="630" ind1="0" ind2="7">
    <subfield code="a">Bible</subfield>
    <subfield code="2">SNKPHeng</subfield>
    <subfield code="9">5048</subfield>
  </datafield>
  <datafield tag="650" ind1="0" ind2="7">
    <subfield code="a">Biblical texts</subfield>
    <subfield code="2">SNKPHeng</subfield>
    <subfield code="9">5049</subfield>
  </datafield>
  <datafield tag="650" ind1="0" ind2="7">
    <subfield code="a">biblick&#xE9; texty</subfield>
    <subfield code="2">SNKPH</subfield>
    <subfield code="9">5050</subfield>
  </datafield>
  <datafield tag="655" ind1=" " ind2="7">
    <subfield code="a">texty</subfield>
    <subfield code="2">SNKPH</subfield>
    <subfield code="9">2004</subfield>
  </datafield>
  <datafield tag="655" ind1=" " ind2="7">
    <subfield code="a">Texts</subfield>
    <subfield code="2">SNKPHeng</subfield>
    <subfield code="9">2006</subfield>
  </datafield>
  <datafield tag="700" ind1="1" ind2=" ">
    <subfield code="a">B&#xE1;ndy, Juraj,</subfield>
    <subfield code="d">1950-</subfield>
    <subfield code="4">oth</subfield>
    <subfield code="9">5051</subfield>
  </datafield>
  <datafield tag="700" ind1="1" ind2=" ">
    <subfield code="a">Gre&#x161;o, J&#xE1;n,</subfield>
    <subfield code="d">1933-2013</subfield>
    <subfield code="4">oth</subfield>
    <subfield code="9">5052</subfield>
  </datafield>
  <datafield tag="700" ind1="1" ind2=" ">
    <subfield code="a">Ki&#x161;&#x161;, Igor,</subfield>
    <subfield code="d">1932-2018</subfield>
    <subfield code="4">oth</subfield>
    <subfield code="9">5053</subfield>
  </datafield>
  <datafield tag="958" ind1=" " ind2=" ">
    <subfield code="a">NT</subfield>
  </datafield>
  <datafield tag="952" ind1=" " ind2=" ">
    <subfield code="0">0</subfield>
    <subfield code="1">0</subfield>
    <subfield code="2">udc</subfield>
    <subfield code="4">0</subfield>
    <subfield code="7">0</subfield>
    <subfield code="8">D</subfield>
    <subfield code="a">10000</subfield>
    <subfield code="b">10000</subfield>
    <subfield code="d">2025-10-24</subfield>
    <subfield code="i">22320</subfield>
    <subfield code="o">S1592</subfield>
    <subfield code="p">S1592</subfield>
    <subfield code="r">2025-10-24</subfield>
    <subfield code="w">2025-10-24</subfield>
    <subfield code="y">OLDO</subfield>
  </datafield>
</record>
